Normal view
MARC view
- التعليم الخاص-المعوقون-تعليم
Entry Topical Term
001 - CONTROL NUMBER
- control field: 42650
003 - CONTROL NUMBER IDENTIFIER
- control field: JO-AjAnu
005 - DATE AND TIME OF LATEST TRANSACTION
- control field: 20230606081056.0
008 - FIXED-LENGTH DATA ELEMENTS
- fixed length control field: 230606|| aca||aabn | a|a d
040 ## - CATALOGING SOURCE
- Original cataloging agency: JO-AjAnu
- Transcribing agency: JO-AjAnu
150 ## - HEADING--TOPICAL TERM
- Topical term or geographic name entry element: التعليم الخاص-المعوقون-تعليم
670 ## - SOURCE DATA FOUND
- Source citation: Work cat.: (JO-AjAnu)21846: القمش، مصطفى مؤلف/السعايدة، ناجي م.مؤلف, author 42649, قضايا وتوجهات حديثة في التربية الخاصة